[Event "Kochan Memorial op-B 18th"]
[Site "Koszalin"]
[Date "2007.08.06"]
[Round "2"]
[White "Nowak, Malgorzata"]
[Black "Efinowicz, Michal"]
[Result "1/2-1/2"]
[WhiteElo "1983"]
[BlackElo "2078"]
[PlyCount "187"]
[EventDate "2007.08.05"]
[EventType "swiss"]
[EventRounds "9"]
[EventCountry "POL"]
[SourceTitle "EXT 2011"]
[Source "ChessBase"]
[SourceDate "2010.11.26"]
[SourceVersion "1"]
[SourceVersionDate "2010.11.26"]
[SourceQuality "1"]

1. d4 d6 2. Nf3 g6 3. c4 Bg7 4. e4 e5 5. Nc3 exd4 6. Nxd4 Nc6 7. Be3 Nge7 8. Be2 0-0 9. 0-0 f5 10. exf5 Bxd4 11. Bxd4 Nxf5 12. Be3 Nxe3 13. fxe3 Rxf1+ 14. Qxf1 Be6 15. Bf3 Qg5 16. Qe2 Re8 17. Bxc6 bxc6 18. Re1 Qh4 19. b3 Bg4 20. Qf2 Qg5 21. Qg3 Re5 22. h3 Be6 23. Qxg5 Rxg5 24. Kf2 Kf7 25. h4 Rf5+ 26. Kg3 Ke7 27. e4 Re5 28. Kf4 h6 29. Rh1 Ra5 30. Re1 Kf6 31. g3 Rh5 32. Rh1 Rc5 33. Rd1 Ra5 34. Rd2 Ra6 35. Rh2 Ra3 36. Nb1 Ra5 37. Nc3 Rh5 38. Rh1 Re5 39. Rd1 g5+ 40. hxg5+ Rxg5 41. Rh1 Rg4+ 42. Kf3 Kg5 43. Nd1 Kg6 44. Nf2 Rg5 45. Nd3 Bg4+ 46. Ke3 h5 47. Rf1 Kg7 48. Nf4 Ra5 49. Rf2 Re5 50. Nd3 Re8 51. Nb4 c5 52. Nd5 c6 53. Nf6 Re6 54. Nxg4 hxg4 55. Rf5 Rh6 56. Rg5+ Kf6 57. Rxg4 Rh3 58. Rg8 Kf7 59. Rg5 Ke6 60. Rg6+ Ke5 61. Rg5+ Ke6 62. Kf4 Rh2 63. Rg6+ Ke7 64. Rg7+ Kf6 65. Rxa7 Rf2+ 66. Ke3 Rf1 67. Ke2 Rh1 68. Kf3 Rf1+ 69. Kg4 Re1 70. Kf3 Rf1+ 71. Ke2 Rh1 72. a4 Rb1 73. a5 Rxb3 74. Kf2 Ra3 75. a6 Ke5 76. Ra8 Kd4 77. a7 Kxc4 78. g4 Kd3 79. g5 Ra2+ 80. Kf3 c4 81. g6 c3 82. g7 c2 83. g8Q c1Q 84. Qxa2 Qe3+ 85. Kg2 Qg5+ 86. Kf3 Qf6+ 87. Kg4 Qg6+ 88. Kf4 Qf6+ 89. Kg3 Qg5+ 90. Kf2 Qf4+ 91. Kg1 Qc1+ 92. Kg2 Qg5+ 93. Kh1 Qc1+ 94. Kg2 1/2-1/2

[Event "Poznan op-B 16th"]
[Site "Poznan"]
[Date "2007.07.21"]
[Round "1.9"]
[White "Nowak, Malgorzata"]
[Black "Chojnacki, Tomasz"]
[Result "1-0"]
[WhiteElo "1983"]
[BlackElo "1782"]
[PlyCount "43"]
[EventDate "2007.07.21"]
[EventType "swiss"]
[EventRounds "9"]
[EventCountry "POL"]
[SourceTitle "EXT 2023"]
[Source "ChessBase"]
[SourceDate "2022.10.05"]
[SourceVersion "1"]
[SourceVersionDate "2022.10.05"]
[SourceQuality "1"]

1. d4 d5 2. c4 e6 3. Nc3 Be7 4. Nf3 Nf6 5. Bg5 h6 6. Bh4 0-0 7. e3 Nbd7 8. Rc1 dxc4 9. Bxc4 Nb6 10. Bb3 Bd7 11. 0-0 Rc8 12. Ne5 c5 13. Qf3 cxd4 14. exd4 Bc6 15. Nxc6 Rxc6 16. Rcd1 Qc8 17. Nb5 Qa8 18. Rfe1 Rd8 19. Bg3 Nfd5 20. Be5 Bf6 21. Qg3 a6 22. Nd6 1-0

[Event "POL-chT U20 Girls"]
[Site "Szklarska Poreba"]
[Date "2007.07.07"]
[Round "7"]
[White "Nowak, Malgorzata"]
[Black "Giemza, Joanna"]
[Result "1-0"]
[WhiteElo "1983"]
[BlackElo "1986"]
[PlyCount "79"]
[EventDate "2007.07.02"]
[EventType "team-tourn"]
[EventRounds "11"]
[EventCountry "POL"]
[SourceTitle "EXT 2010"]
[Source "ChessBase"]
[SourceDate "2010.11.25"]
[SourceVersion "1"]
[SourceVersionDate "2010.11.25"]
[SourceQuality "1"]

1. d4 Nf6 2. c4 g6 3. Nc3 Bg7 4. e4 d6 5. Nf3 0-0 6. Be2 Nbd7 7. 0-0 e5 8. d5 Nc5 9. Qc2 a5 10. Ne1 Ne8 11. Be3 f5 12. f3 f4 13. Bf2 Nf6 14. Rb1 g5 15. a3 Kh8 16. b4 axb4 17. axb4 Ncd7 18. c5 Rg8 19. Nb5 Ne8 20. Nd3 Ndf6 21. Nb2 Bf8 22. cxd6 cxd6 23. Nc4 Bd7 24. Nb6 Rb8 25. Rfc1 g4 26. Nc7 Bh6 27. Bh4 g3 28. h3 Bc6 29. dxc6 Qxc7 30. Bxf6+ Nxf6 31. Nd5 Nxd5 32. exd5 bxc6 33. Qxc6 Qa7+ 34. Kh1 Qf2 35. Bd3 Qd4 36. Be4 Rxb4 37. Rxb4 Qxb4 38. Qd7 Qxe4 39. fxe4 f3 40. Rc7 1-0

[Event "POL-ch U18 Girls"]
[Site "Leba"]
[Date "2007.03.31"]
[Round "10"]
[White "Nowak, Malgorzata"]
[Black "Gosciniak, Maria"]
[Result "1-0"]
[WhiteElo "1981"]
[BlackElo "2061"]
[PlyCount "83"]
[EventDate "2007.03.24"]
[EventType "swiss"]
[EventRounds "11"]
[EventCountry "POL"]
[SourceTitle "EXT 2011"]
[Source "ChessBase"]
[SourceDate "2010.11.26"]
[SourceVersion "1"]
[SourceVersionDate "2010.11.26"]
[SourceQuality "1"]

1. d4 d6 2. Nf3 Bg4 3. c4 Nd7 4. Qb3 Rb8 5. h3 Bxf3 6. Qxf3 g6 7. e4 Bg7 8. Qd1 e5 9. d5 Ne7 10. Nc3 0-0 11. Be3 a5 12. g4 f5 13. f3 Nc5 14. h4 b6 15. gxf5 gxf5 16. h5 h6 17. Qd2 f4 18. Bf2 Bf6 19. Nb5 Na6 20. Bh3 Kh8 21. Be6 Bg5 22. 0-0-0 Ng8 23. Rdg1 Nf6 24. Bf5 Rg8 25. a3 Qe7 26. Kc2 Nh7 27. Qe1 Bf6 28. Rg6 Bg5 29. Bh4 Bxh4 30. Rxh4 Qf8 31. Be6 Rg7 32. Qg1 Rxg6 33. hxg6 Nf6 34. Qg5 h5 35. Bg4 Kg7 36. Bxh5 Kg8 37. Bg4 Qg7 38. Be6+ Kf8 39. Rh6 Re8 40. Qh4 Rb8 41. Rh8+ Ke7 42. Rh7 1-0